| 000 | 00810na a2200205 4500 | ||
|---|---|---|---|
| 001 | 17155 | ||
| 003 | MIRAKIL | ||
| 005 | 20181213154954.0 | ||
| 008 | 161023b tu 000 0 | ||
| 040 |
_aMilas _btur _cTR-AnCHP |
||
| 041 |
_atur _aeng _aara |
||
| 082 |
_a304.8 _bT96 2010 |
||
| 090 | _a304.8 T96 2010 | ||
| 245 |
_aTürkiye'ye yönelik Türkmen göçü ve Türkiye'deki varlığı _bTurkmens' migration towards Turkey and Turkmen population in Turkey = Hicret'ül-Türkemen nahve Türkiya ve'l-vucud'ül-Türkemani fi Türkiya _cORSAM |
||
| 260 |
_aAnkara _bOrtadoğu Stratejik Araştırmalar Merkezi (ORSAM) _c2010 |
||
| 300 |
_a38 s. _bhrt. ; tbl. _c30 sm. |
||
| 490 |
_aOrtadoğu stratejik araştırmalar merkezi _vrapor no: 19 |
||
| 650 |
_aDış Göç _xTürkmenler _yRaporlar |
||
| 942 |
_2dcc _cBKS |
||
| 999 |
_c4125 _d4125 |
||